000 00422 a2200097 4500
245 0 0 _aPrzewody elektryczne. Metody badań - Starzenie cieplne w powietrzu PN-91/E-04160.31 /
_cOśrodek Badawczo-Rozwojowy Przemysłu Kablowego ENERGOKABEL.
246 1 3 _aPN-91/E-04160.31
246 1 3 _a621.315.2/3.001.4
260 _aWarszawa :
_bOśrodek Badawczo-Rozwojowy Przemysłu Kablowego ENERGOKABEL,
_c1991.
300 _a5 stron ;
_c30 cm.
650 _aPolska norma
999 _c20749
_d20749